000 00527nam a22001937a 4500
003 MPLRDC
005 20220104154510.0
008 210129b ||||| |||| 00| 0 eng d
020 _a957-99503-0-X
082 _a496.5 SCHR
100 _aTOM SCHREITER
245 _a30天超级老鹰繁衍术
_c林瑞德译
250 _a再版
260 _a台湾
_b传销世纪文化事业股份有限公司
_c1995
300 _b
490 _a传销成功系列. 1
650 _a推销策略; 贩卖术
942 _cBK
_o496.5 SCHR
999 _c54015
_d54005